[Event "SZCZYRK OPEN - TURNIEJ Z OKAZJI SWIETA NIEPODLEGLOSCI - BLITZ 3'+2'' "]
[Site "Szczyrk"]
[Date "2018-11-11"]
[Round "7.59"]
[White "Zaborski, Igor "]
[Black "Banaczyk, Piotr"]
[Result "1-0"]
[WhiteTitle ""]
[BlackTitle ""]
[WhiteElo "1255"]
[BlackElo "1125"]

1. d4 d5 2. c4 e6 3. Nf3 dxc4 4. e4 b5 5. a4 c6 6. g3 Bb4+ 7. Bd2 Bxd2+ 8. Qxd2
Ne7 9. Bg2 O-O 10. O-O Bb7 11. Nc3 b4 12. Ne2 a5 13. Qc2 Ba6 14. Rfd1 Ng6 15.
Nd2 Nd7 16. Nxc4 Nf6 17. Ne3 Rc8 18. Rac1 Qe7 19. b3 Rfd8 20. f4 Bb7 21. Nc4 Ba6
22. Kf2 Bxc4 23. Qxc4 c5 24. d5 exd5 25. exd5 Ng4+ 26. Ke1 Ne3 27. Qd3 Nxg2+ 28.
Kf2 Re8 29. d6 Qe3+ 30. Qxe3 Nxe3 31. d7 Nxd1+ 32. Rxd1 Rcd8 33. dxe8=Q+ Rxe8
34. Rd5 Rc8 35. Nc1 h6 36. Nd3 Ne7 37. Rxc5 Rxc5 38. Nxc5 Nc6 39. Nb7 Kf8 40.
Ke3 Ke7 41. Kd3 Kd7 42. Kc4 Kc7 43. Nc5 Kb6 44. Nd7+ Kc7 45. Ne5 Nxe5+ 46. fxe5
Kb6 47. Kd5 Kc7 48. Kc5 Kb7 49. Kb5 Ka7 50. Kxa5 Kb7 51. Kb5 f6 52. e6 Kc7 53.
a5 Kd6 54. a6 Kxe6 55. a7 Ke5 56. a8=Q Kd4 57. Qd8+ Kc3 58. Qd5 Kc2 59. Qc4+ Kd2
60. Qd4+ Ke2 61. Qb2+ Kf3 62. Kc4 Ke4 63. Qe2+ Kf5 64. Kd5 Kg6 65. Qe8+ Kh7 66.
Ke6 g6 67. Kf7 f5 68. Qg8# 1-0

[Event "SZCZYRK OPEN - TURNIEJ Z OKAZJI SWIETA NIEPODLEGLOSCI - BLITZ 3'+2'' "]
[Site "Szczyrk"]
[Date "2018-11-11"]
[Round "7.60"]
[White "Jakubiec, Maurycy"]
[Black "Bochenek, Ryszard"]
[Result "1-0"]
[WhiteTitle ""]
[BlackTitle ""]
[WhiteElo "1093"]
[BlackElo "1252"]

1. e4 e6 2. Nc3 d5 3. exd5 exd5 4. d4 c6 5. Nf3 Bd6 6. Bd3 Ne7 7. Be3 O-O 8. Qd2
Bf5 9. O-O-O Bg6 10. h4 Nf5 11. g4 Nxe3 12. Qxe3 Re8 13. Qd2 Qc7 14. Kb1 Bxd3
15. Qxd3 b5 16. Rde1 Nd7 17. h5 Bf4 18. Ne2 Bd6 19. Nc3 Bf4 20. Ne2 Bd6 21. Nc3
a5 22. g5 a4 23. g6 fxg6 24. hxg6 h6 25. Qf5 Rf8 26. Qe6+ Kh8 27. Ng5 b4 28. Nf7+
Rxf7 29. Qxf7 Nf6 30. Rxh6+ gxh6 31. Qxf6+ Qg7 32. Qxd6 bxc3 33. Qxc6 Rb8 34.
Re8+ Rxe8 35. Qxe8+ Qg8 36. Qe5+ Qg7 37. f4 Qxe5 38. dxe5 Kg8 39. f5 h5 40. f6
h4 1-0

[Event "SZCZYRK OPEN - TURNIEJ Z OKAZJI SWIETA NIEPODLEGLOSCI - BLITZ 3'+2'' "]
[Site "Szczyrk"]
[Date "2018-11-11"]
[Round "7.61"]
[White "Lokaj, Bartlomiej"]
[Black "Jaros, Emilia"]
[Result "1-0"]
[WhiteTitle ""]
[BlackTitle ""]
[WhiteElo "1252"]
[BlackElo "1117"]

1. e4 e5 2. Nf3 Nc6 3. Bc4 Bc5 4. O-O Nf6 5. d3 h6 6. c3 a6 7. a4 d6 8. b4 Ba7
9. Re1 Bg4 10. h3 Bh5 11. Be3 Bxe3 12. fxe3 b5 13. axb5 axb5 14. Rxa8 Qxa8 15.
Bxb5 O-O 16. Nbd2 Na7 17. Bc4 Qb7 18. d4 exd4 19. exd4 c6 20. e5 dxe5 21. dxe5
Nd7 22. e6 fxe6 23. Bxe6+ Kh8 24. Qb3 Nb5 25. Qc4 Qa7+ 26. Kh1 Qb7 27. Nd4 Nxd4
28. Qxd4 Nf6 29. Ne4 Nxe4 30. Qxe4 Qc7 31. Bg4 Bxg4 32. Qxg4 Kh7 33. Qe4+ Kh8
34. c4 Qb6 35. c5 Qc7 36. Qe5 Qb7 37. Qd4 Qc7 38. Qc4 Qb7 39. Rb1 Qb8 40. b5 Re8
41. b6 Qb7 42. Rd1 Rf8 43. Ra1 Ra8 44. Rxa8+ Qxa8 45. Qb4 Qb7 46. Qb2 Kh7 47.
Qa3 Kg8 48. Qa7 Qc8 49. b7 Qxb7 50. Qxb7 Kh7 51. Qxc6 Kg8 52. Qd6 Kf7 53. c6 h5
54. c7 g5 55. c8=R g4 56. Rf8+ Kg7 57. Qf6+ Kh7 58. Rh8# 1-0

[Event "SZCZYRK OPEN - TURNIEJ Z OKAZJI SWIETA NIEPODLEGLOSCI - BLITZ 3'+2'' "]
[Site "Szczyrk"]
[Date "2018-11-11"]
[Round "7.62"]
[White "Gradzki, Artur "]
[Black "Cwiklinski, Jacek"]
[Result "1-0"]
[WhiteTitle ""]
[BlackTitle ""]
[WhiteElo "1128"]
[BlackElo "1245"]

1. e4 d6 2. d4 g6 3. c4 Bg7 4. Nc3 e5 5. d5 Nf6 6. Bg5 O-O 7. Nf3 c5 8. Bd3 Bg4
9. h3 Bd7 10. O-O a6 11. a3 Qc8 12. Bxf6 Bxf6 13. Nd2 Bxh3 14. gxh3 Qxh3 15. Qf3
Qh4 16. Qg3 Nd7 17. Qxh4 Bxh4 18. b4 Nf6 19. f4 Ng4 20. fxe5 Nxe5 21. Bc2 b6 22.
Bb3 Bg5 23. Nf3 Be3+ 24. Kg2 Nxf3 25. Rxf3 Bd4 26. Rd1 h5 27. bxc5 bxc5 28. Rg3
Rab8 29. Ba4 Rb2+ 30. Kh1 Kg7 31. Rg2 f5 32. Rxb2 Bxc3 33. Rc2 Bd4 34. exf5 Rxf5
35. Kg2 Kh6 36. Rf1 Rg5+ 37. Kf3 Rf5+ 38. Ke2 Re5+ 39. Kd3 Re3+ 40. Kd2 Rxa3 41.
Be8 Be3+ 42. Ke2 Bd4 43. Rf3 Ra1 44. Rg3 g5 45. Rh3 h4 46. Rf3 Rh1 47. Rf1 Rh2+
48. Kd3 Rh3+ 49. Kd2 Rg3 50. Re1 g4 51. Re6+ Kg5 52. Rxd6 Be3+ 53. Kd1 Bd4 54.
Rg6+ Kf5 55. d6 h3 56. Rh6 Rg1+ 57. Kd2 Rg2+ 58. Kd1 Rg1+ 59. Ke2 Rg2+ 60. Kd1
Rg1+ 1-0

[Event "SZCZYRK OPEN - TURNIEJ Z OKAZJI SWIETA NIEPODLEGLOSCI - BLITZ 3'+2'' "]
[Site "Szczyrk"]
[Date "2018-11-11"]
[Round "7.63"]
[White "Kotowicz, Kamil"]
[Black "Kubik, Rafal "]
[Result "1-0"]
[WhiteTitle ""]
[BlackTitle ""]
[WhiteElo "1243"]
[BlackElo "1109"]

1. d4 d5 2. c4 e6 3. cxd5 exd5 4. Nc3 Nf6 5. Nf3 Bb4 6. Bg5 h6 7. Bh4 c6 8. a3
Ba5 9. b4 Bc7 10. e3 Nbd7 11. Bg3 Bxg3 12. hxg3 Nb6 13. Qc2 Be6 14. Bd3 Qc7 15.
Nb5 Qd8 16. Nc3 Qc7 17. Ne5 Nfd7 18. Nxd7 Qxd7 19. O-O O-O 20. Ne2 Qd6 21. Nf4
Rae8 22. Nxe6 Rxe6 23. Qc5 Rfe8 24. Bf5 Rf6 25. Qxd6 Rxd6 26. Rac1 Rf6 27. Bd3
Rd8 28. b5 Rdd6 29. Rc2 Rfe6 30. Rfc1 Kf8 31. Kf1 Ke7 32. Ke2 Rf6 33. f3 Kd7 34.
bxc6+ Rxc6 35. Rxc6 bxc6 36. e4 Re6 37. e5 f6 38. f4 Kc7 39. Kf3 fxe5 40. fxe5
Re8 41. Bg6 Rf8+ 42. Ke3 a5 43. Rc5 a4 44. Ra5 Kb7 45. Rc5 Kc7 46. Rc1 Rb8 47.
Rc3 Kb7 48. Bc2 Ra8 49. Kf4 Kc7 50. g4 Ra7 51. g5 Nc4 52. gxh6 gxh6 53. Rg3 Kb6
54. Rh3 Rh7 55. Bxh7 Nxa3 56. Rxa3 1-0

[Event "SZCZYRK OPEN - TURNIEJ Z OKAZJI SWIETA NIEPODLEGLOSCI - BLITZ 3'+2'' "]
[Site "Szczyrk"]
[Date "2018-11-11"]
[Round "7.64"]
[White "Opalka, Marta"]
[Black "Guzik, Wojciech"]
[Result "0-1"]
[WhiteTitle ""]
[BlackTitle ""]
[WhiteElo "1107"]
[BlackElo "1224"]

1. e4 c5 2. Nf3 e6 3. c4 a6 4. Nc3 Qc7 5. d3 Nf6 6. e5 Ng4 7. h3 Nxe5 8. Qe2 Nxf3+
9. Qxf3 Nc6 10. Bf4 Bd6 11. Bxd6 Qxd6 12. O-O-O Nd4 13. Qe3 Qe7 14. g4 h6 15.
f4 d6 16. f5 exf5 17. Qxe7+ Kxe7 18. Re1+ Kd8 19. gxf5 Bxf5 20. Be2 Re8 21. Rh2
Nxe2+ 22. Rexe2 Rxe2 23. Rxe2 Bxd3 24. Rd2 Bxc4 25. Rxd6+ Ke7 26. Rb6 Rb8 27.
b3 Be6 28. Ne4 c4 29. Rd6 cxb3 30. axb3 Rd8 31. Rb6 Bd5 32. Nc5 Rc8 33. b4 0-1

[Event "SZCZYRK OPEN - TURNIEJ Z OKAZJI SWIETA NIEPODLEGLOSCI - BLITZ 3'+2'' "]
[Site "Szczyrk"]
[Date "2018-11-11"]
[Round "7.66"]
[White "Sprzeczka, Emilia"]
[Black "Rozek, Michal"]
[Result "0-1"]
[WhiteTitle ""]
[BlackTitle ""]
[WhiteElo "1107"]
[BlackElo "1217"]

1. e4 d5 2. exd5 Nf6 3. Nc3 Nxd5 4. Nf3 Bg4 5. Nxd5 Qxd5 6. d4 Nc6 7. Bd3 Nxd4
8. Be2 Nxf3+ 9. Bxf3 Qxd1+ 10. Bxd1 Bxd1 11. Kxd1 O-O-O 12. Ke2 e5 13. Be3 f6
14. Bxa7 b6 15. a3 Kb7 16. Bxb6 cxb6 17. Rad1 Bc5 18. f3 0-1

[Event "SZCZYRK OPEN - TURNIEJ Z OKAZJI SWIETA NIEPODLEGLOSCI - BLITZ 3'+2'' "]
[Site "Szczyrk"]
[Date "2018-11-11"]
[Round "7.67"]
[White "Prawucka, Zofia"]
[Black "Walentyn, Zuzanna"]
[Result "1-0"]
[WhiteTitle ""]
[BlackTitle ""]
[WhiteElo "1216"]
[BlackElo "1026"]

1. e4 c5 2. c3 Nc6 3. d4 cxd4 4. cxd4 d5 5. exd5 Qxd5 6. Nf3 Nf6 7. Nc3 Qd8 8.
Bb5 e6 9. a3 Bd6 10. Bg5 O-O 11. O-O e5 12. Bxc6 bxc6 13. dxe5 Bxe5 14. Nxe5 Ba6
15. Re1 Rb8 16. Nxc6 Qxd1 17. Rexd1 Rxb2 18. Bxf6 gxf6 19. Nxa7 Ra8 20. Nc6 Bb7
21. Nb4 Rc8 22. Na4 Rb3 23. Rdb1 Rxb1+ 24. Rxb1 Kh8 25. Nb6 Rg8 26. Nd7 Rxg2+
27. Kf1 Rxh2 28. Ke2 Rh3 29. Nxf6 Bf3+ 30. Kd2 Rh2 31. Rc1 Rxf2+ 32. Kc3 Bb7 33.
Nbd5 Rf3+ 34. Kb2 Bxd5 35. Nxd5 Rf2+ 36. Kb1 Rf5 37. Rc8+ Kg7 38. Ne7 Rb5+ 39.
Ka2 Re5 40. Rg8+ Kf6 41. Nc6 Re2+ 42. Kb3 Re3+ 43. Kc4 Re4+ 44. Nd4 Ke5 45. Re8+
Kf4 46. Rxe4+ Kxe4 47. a4 h5 48. a5 h4 49. a6 h3 50. a7 Ke3 51. a8=Q h2 52. Qh1
f5 53. Qxh2 f4 54. Qe2# 1-0

[Event "SZCZYRK OPEN - TURNIEJ Z OKAZJI SWIETA NIEPODLEGLOSCI - BLITZ 3'+2'' "]
[Site "Szczyrk"]
[Date "2018-11-11"]
[Round "7.68"]
[White "Wozniak, Mateusz "]
[Black "Komisarski, Jerzy"]
[Result "1/2-1/2"]
[WhiteTitle ""]
[BlackTitle ""]
[WhiteElo "1106"]
[BlackElo "1208"]

1. d4 e6 2. c4 d5 3. Nc3 Nf6 4. Bg5 Nbd7 5. e3 c6 6. cxd5 cxd5 7. Bd3 Be7 8. Nf3
O-O 9. O-O h6 10. Bf4 Qb6 11. Qc2 Bd6 12. Bxd6 Qxd6 13. Nb5 Qb6 14. a4 a6 15.
Nc3 Qa7 16. Rac1 Nb6 17. a5 Nc4 18. Bxc4 dxc4 19. Na4 Bd7 20. Nc5 Bb5 21. Nd2
c3 22. bxc3 Bxf1 23. Rxf1 Rfd8 24. Rb1 Rab8 25. Nc4 Nd7 26. Nxd7 Rxd7 27. Nb6
Rc7 28. c4 Rd8 29. c5 Rd6 30. Qb3 Rdc6 31. g3 Qb8 32. Qd3 Qd8 33. Qe4 Qg5 34.
h4 Qf5 35. Qxf5 exf5 36. Kg2 Kf8 37. Kf3 f6 38. Kf4 g6 39. h5 Kf7 40. hxg6+ Kxg6
41. g4 fxg4 42. Kxg4 Re6 43. Kf4 f5 44. Kf3 Rce7 45. Nd5 Rd7 46. Nf4+ Kf6 47.
Nxe6 Kxe6 48. Rb6+ Kd5 49. Rxh6 Kc4 50. Rh1 Kb5 51. Ra1 Rh7 52. Kf4 Rh2 53. f3
Re2 54. e4 fxe4 55. fxe4 Kc4 56. Ra4+ Kd3 57. Ra3+ Kc4 58. Re3 Ra2 59. e5 Kxd4
60. e6 Rf2+ 61. Rf3 Re2 62. Kf5 Kxc5 63. Rh3 Kd6 64. Rh6 Rf2+ 65. Ke4 Re2+ 66.
Kf5 Re5+ 67. Kf4 Rxe6 68. Rxe6+ Kxe6 69. Ke4 Kd6 70. Kd4 Kc6 71. Kc4 Kd6 72. Kd4
Kc6 73. Kc4 Kd6 74. Kd4 Ke5+ 75. Ke4+ 1/2-1/2

[Event "SZCZYRK OPEN - TURNIEJ Z OKAZJI SWIETA NIEPODLEGLOSCI - BLITZ 3'+2'' "]
[Site "Szczyrk"]
[Date "2018-11-11"]
[Round "7.69"]
[White "Miler, Franciszek"]
[Black "Sidlo, Szymon"]
[Result "1/2-1/2"]
[WhiteTitle ""]
[BlackTitle ""]
[WhiteElo "1197"]
[BlackElo "1103"]

1. e4 e6 2. d4 d5 3. e5 c5 4. Nf3 Qb6 5. Bd3 Bd7 6. O-O Bb5 7. Bxb5+ Qxb5 8. Nc3
Qd7 9. dxc5 Bxc5 10. Qd3 Ne7 11. Be3 Bxe3 12. Qxe3 O-O 13. Nd4 Nbc6 14. Ncb5 Nxd4
15. Nxd4 Nc6 16. Nb5 Rac8 17. Nd6 Rc7 18. Nb5 Rcc8 19. c3 a6 20. Nd6 Rc7 21. Qg3
Na5 22. f4 Nc4 23. Nxc4 Rxc4 24. Qd3 Qc6 25. Rad1 Qb6+ 26. Rf2 Rxf4 27. Rdf1 Rxf2
28. Rxf2 Rc8 29. Kf1 Qb5 30. Qxb5 axb5 31. Rf4 Rc4 32. Rxc4 dxc4 33. Ke2 f6 34.
exf6 gxf6 35. Ke3 Kf7 36. Kd4 e5+ 37. Kd5 Kg6 38. h3 Kf5 39. g3 e4 40. Kd4 Ke6
41. Kxe4 f5+ 42. Kf4 Kf6 43. b3 h6 44. bxc4 bxc4 45. a3 b5 46. g4 fxg4 47. hxg4
Kg6 48. Kg3 Kg5 49. Kf3 Kf6 50. Kf4 Kg6 51. Ke5 Kg5 52. Ke4 Kg6 1/2-1/2

[Event "SZCZYRK OPEN - TURNIEJ Z OKAZJI SWIETA NIEPODLEGLOSCI - BLITZ 3'+2'' "]
[Site "Szczyrk"]
[Date "2018-11-11"]
[Round "7.70"]
[White "Dumin, Karolina"]
[Black "Strzoda, Szymon"]
[Result "0-1"]
[WhiteTitle ""]
[BlackTitle ""]
[WhiteElo "1078"]
[BlackElo "1190"]

1. d4 e6 2. c4 Nf6 3. Nc3 d5 4. e3 Nc6 5. Nf3 Bb4 6. a3 Bxc3+ 7. bxc3 O-O 8. Qc2
Ne4 9. Bd3 Na5 10. cxd5 exd5 11. Bxe4 dxe4 12. Qxe4 Nb3 13. Rb1 Nxc1 14. Rxc1
Re8 15. Qf4 Qd7 16. Qh4 Qd5 17. O-O Qa5 18. Ng5 h6 19. Nf3 Qxa3 20. Qh5 Qe7 21.
Rb1 a6 22. Ne5 Qf6 23. Qf3 Qxf3 24. Nxf3 b6 25. c4 Bb7 26. Ne5 Rad8 27. Nd3 Be4
28. f3 Bxd3 29. Rbd1 Bxf1 30. Rxf1 Rxe3 31. c5 b5 32. Rd1 a5 33. d5 Re5 34. d6
cxd6 35. cxd6 Rd7 36. Kf2 Re6 37. Rd5 Rdxd6 38. Rxb5 Rd2+ 39. Kg3 a4 40. Ra5 Ra2
41. Ra8+ Kh7 0-1

[Event "SZCZYRK OPEN - TURNIEJ Z OKAZJI SWIETA NIEPODLEGLOSCI - BLITZ 3'+2'' "]
[Site "Szczyrk"]
[Date "2018-11-11"]
[Round "7.71"]
[White "Mika, Adrian "]
[Black "Zalega, Joanna "]
[Result "1-0"]
[WhiteTitle ""]
[BlackTitle ""]
[WhiteElo "1177"]
[BlackElo "1015"]

1. e4 c5 2. Nf3 d6 3. d4 cxd4 4. Nxd4 Nf6 5. Nc3 Nc6 6. Bg5 Bd7 7. Bxf6 gxf6 8.
Nxc6 Bxc6 9. Bc4 e6 10. O-O Bh6 11. Qh5 Bd2 12. Nb5 Qe7 13. Rad1 Bb4 14. a3 Bc5
15. b4 Bxb4 16. axb4 Kd7 17. Nxd6 Qxd6 18. Rxd6+ Kxd6 19. Qxf7 Rae8 20. Qxf6 Bxe4
21. Rd1+ Kc7 22. Qe5+ Kc8 23. Bxe6+ Rxe6 24. Qxe6+ Kb8 25. Qe5+ Kc8 26. Qxh8+
Kc7 27. Qg7+ Kb6 28. Rd6+ Bc6 29. Qd4+ Kc7 30. Qc5 a6 31. Rh6 a5 32. Rxh7+ Kb8
33. Qb6 Ka8 34. Rh8+ 1-0

[Event "SZCZYRK OPEN - TURNIEJ Z OKAZJI SWIETA NIEPODLEGLOSCI - BLITZ 3'+2'' "]
[Site "Szczyrk"]
[Date "2018-11-11"]
[Round "7.72"]
[White "Fil, Grzegorz"]
[Black "Fic, Joanna"]
[Result "1-0"]
[WhiteTitle ""]
[BlackTitle ""]
[WhiteElo "1173"]
[BlackElo "1004"]

1. d4 Nf6 2. Nf3 d6 3. c4 Bf5 4. Nc3 g6 5. e3 Bg7 6. Bd2 O-O 7. Be2 Nbd7 8. O-O
e5 9. dxe5 dxe5 10. g3 a6 11. Nh4 Be6 12. b3 b5 13. cxb5 axb5 14. Bxb5 Rb8 15.
Bxd7 Qxd7 16. e4 Qc6 17. Qc2 Rfd8 18. Rac1 Nxe4 19. Nxe4 Qxc2 20. Rxc2 f5 21.
Nc5 Bf7 22. Bc3 Rb5 23. Na4 Bf6 24. Rd2 Rxd2 25. Bxd2 Rd5 26. Bb4 e4 27. Ng2 c5
28. Bxc5 Be8 29. Bb4 Rd4 30. Bc3 Rd6 31. Bxf6 Rxf6 32. Nc3 Bc6 33. Ne3 Kf7 34.
a4 g5 35. b4 f4 36. gxf4 gxf4 37. Ned5 Rg6+ 38. Kh1 e3 39. fxe3 Ke6 40. e4 h5
41. b5 Bxd5 42. Nxd5 Ke5 43. b6 Kxe4 44. b7 Kxd5 45. b8=Q f3 46. Rxf3 Ke4 47.
Qb3 Kd4 48. Qd3+ Ke5 49. Re3+ Kf6 50. Rf3+ Kg7 51. Qd7+ Kh6 52. Rf7 Kg5 53. Qf5+
Kh6 54. Rf6 Kh7 55. Qxg6+ Kh8 56. Rf8# 1-0

[Event "SZCZYRK OPEN - TURNIEJ Z OKAZJI SWIETA NIEPODLEGLOSCI - BLITZ 3'+2'' "]
[Site "Szczyrk"]
[Date "2018-11-11"]
[Round "7.73"]
[White "Krasniewski, Piotr "]
[Black "Nagly, Wojciech"]
[Result "0-1"]
[WhiteTitle ""]
[BlackTitle ""]
[WhiteElo "1062"]
[BlackElo "1167"]

1. e4 e5 2. f4 d5 3. exd5 Qxd5 4. Nf3 exf4 5. d4 Bg4 6. Qe2+ Be7 7. h3 Bxf3 8.
gxf3 Qxd4 9. c3 Qd6 10. Nd2 Nc6 11. Ne4 Qd7 12. Bxf4 O-O-O 13. Rd1 Qxd1+ 14. Qxd1
Rxd1+ 15. Kxd1 Nf6 16. Nxf6 Bxf6 17. Bb5 Rd8+ 18. Kc2 a6 19. Bxc6 bxc6 20. Rd1
Rxd1 21. Kxd1 Kd7 22. Kd2 h6 23. Kd3 g5 24. Bg3 Bd8 25. Ke4 Ke6 26. c4 f5+ 27.
Kd3 f4 28. Bf2 Bf6 29. b3 Kd6 30. b4 h5 31. a4 Kd7 32. c5 h4 33. Ke4 Ke6 34. Be1
Bb2 35. b5 cxb5 36. axb5 axb5 37. Ba5 c6 38. Kd3 Kd5 39. Bb4 Bd4 40. Ba3 Bxc5
41. Bb2 Be7 42. Ba1 c5 43. Bb2 c4+ 44. Kd2 b4 45. Bc1 c3+ 46. Kd3 Bf6 47. Kc2
Kc4 48. Kb1 b3 49. Ba3 c2+ 50. Kc1 Kd3 0-1

[Event "SZCZYRK OPEN - TURNIEJ Z OKAZJI SWIETA NIEPODLEGLOSCI - BLITZ 3'+2'' "]
[Site "Szczyrk"]
[Date "2018-11-11"]
[Round "7.75"]
[White "Mansz, Martyna "]
[Black "Filipek, Justyna "]
[Result "0-1"]
[WhiteTitle ""]
[BlackTitle ""]
[WhiteElo "1066"]
[BlackElo "1160"]

1. g3 e5 2. Bh3 Nf6 3. f4 exf4 4. gxf4 d5 5. Bxc8 Qxc8 6. d4 Qe6 7. Nc3 Bb4 8.
Bd2 Nc6 9. a3 Bxc3 10. Bxc3 Ne4 11. Bd2 Nxd4 12. e3 Nc6 13. Nf3 a6 14. Rg1 g6
15. Ng5 Qe7 16. Nxe4 dxe4 17. Bc3 Rg8 18. f5 Qd6 19. fxg6 hxg6 20. Qxd6 cxd6 21.
Rd1 O-O-O 22. Bf6 Rd7 23. b4 Ne7 24. Bxe7 Rxe7 25. Rxd6 Kc7 26. Rd4 Rd8 27. Rc4+
Kb8 28. Rg4 Rde8 29. a4 Re6 30. b5 axb5 31. axb5 f5 32. Rh4 Rb6 33. Rc5 Rd6 34.
Rh6 Red8 35. c4 Rd1+ 36. Kf2 R8d2+ 37. Kg3 Rg1+ 38. Kf4 Rd3 39. b6 Rd8 40. Rc7
Re8 41. Rhh7 Rg4# 0-1

[Event "SZCZYRK OPEN - TURNIEJ Z OKAZJI SWIETA NIEPODLEGLOSCI - BLITZ 3'+2'' "]
[Site "Szczyrk"]
[Date "2018-11-11"]
[Round "7.76"]
[White "Gibas, Aleksander"]
[Black "Krzysztynska, Maria"]
[Result "0-1"]
[WhiteTitle ""]
[BlackTitle ""]
[WhiteElo "1032"]
[BlackElo "1146"]

1. e4 e5 2. Qh5 Nf6 3. Qxe5+ Qe7 4. Qxc7 Qxe4+ 5. Ne2 Na6 6. Qc3 Bb4 7. Qb3 O-O
8. Nbc3 Bxc3 9. Qxc3 d5 10. d3 Qe6 11. Bg5 Ng4 12. h3 Ne5 13. O-O-O Bd7 14. Bf4
Nc6 15. Nd4 Nxd4 16. Qxd4 Rac8 17. g3 Qc6 18. c3 b5 19. Bg2 Be6 20. Kb1 Rb8 21.
Bxb8 Rxb8 22. Rde1 b4 23. Rc1 Qa4 24. b3 Qa3 25. Bxd5 bxc3 26. Rxc3 Nb4 27. Rc2
Bf5 28. Rb2 Bxd3+ 29. Ka1 Nc2+ 30. Rxc2 Bxc2 31. Qb2 Qc5 32. Bc4 Be4 33. Re1 Bf3
34. Re3 Bh5 35. Qd2 h6 36. Qd7 Rf8 37. g4 Bg6 38. Qd1 Qb6 39. h4 Qf6+ 0-1

[Event "SZCZYRK OPEN - TURNIEJ Z OKAZJI SWIETA NIEPODLEGLOSCI - BLITZ 3'+2'' "]
[Site "Szczyrk"]
[Date "2018-11-11"]
[Round "7.81"]
[White "Kowalska, Julia"]
[Black "Gawlik, Olivier"]
[Result "0-1"]
[WhiteTitle ""]
[BlackTitle ""]
[WhiteElo "1033"]
[BlackElo "1026"]

1. e4 c5 2. Nf3 Nc6 3. Nc3 e6 4. Bb5 a6 5. Ba4 b5 6. Bb3 c4 7. Bxc4 bxc4 8. d3
cxd3 9. Qxd3 Nb4 10. Qd1 Bb7 11. O-O d5 12. exd5 Nxd5 13. Nxd5 Qxd5 14. Qxd5 Bxd5
15. Re1 Bxf3 16. gxf3 Nf6 17. Bg5 Be7 18. Rad1 O-O 19. Rd7 Rfe8 20. Bxf6 Bxf6
21. b3 Red8 22. Red1 Rdc8 23. c4 Rd8 24. Rxd8+ Rxd8 25. Rxd8+ Bxd8 26. Kf1 Bc7
27. h3 f5 28. Ke2 Kf7 29. Ke3 Bh2 30. Kd3 Ke7 31. Kd4 Kd6 32. c5+ Kd7 33. b4 Bg1
34. Kc4 Bxf2 35. a3 Kc7 36. a4 g5 37. b5 axb5+ 38. Kxb5 h5 39. c6 e5 40. a5 e4
41. a6 Bb6 42. fxe4 fxe4 43. a7 Bxa7 44. Ka6 e3 45. Kxa7 e2 46. Ka6 e1=Q 47. Kb5
Qc1 48. Kb4 Kxc6 49. h4 Qb2+ 50. Ka4 g4 51. Ka5 Qa3# 0-1

[Event "SZCZYRK OPEN - TURNIEJ Z OKAZJI SWIETA NIEPODLEGLOSCI - BLITZ 3'+2'' "]
[Site "Szczyrk"]
[Date "2018-11-11"]
[Round "8.1"]
[White "Warakomski, Tomasz "]
[Black "Plichta, Kamil "]
[Result "0-1"]
[WhiteTitle ""]
[BlackTitle ""]
[WhiteElo "2572"]
[BlackElo "2388"]

1. e4 g6 2. d4 Bg7 3. f3 d6 4. Nc3 Nf6 5. Be3 c6 6. Qd2 b5 7. h4 h5 8. Nh3 Bxh3
9. Rxh3 Nbd7 10. Be2 Qc7 11. a3 a6 12. Nd1 c5 13. Nf2 cxd4 14. Bxd4 Rc8 15. c3
d5 16. exd5 O-O 17. a4 Nb6 18. axb5 axb5 19. Bxb5 Nbxd5 20. Ra7 Qb8 21. c4 Nf4
22. Rxe7 Nxh3 23. Nxh3 Qg3+ 24. Qf2 Qd6 25. Re2 Rfd8 26. Rd2 Ra8 27. b3 Ne4 28.
fxe4 Bxd4 29. Qf3 Qh2 30. Ng5 Qxh4+ 0-1

[Event "SZCZYRK OPEN - TURNIEJ Z OKAZJI SWIETA NIEPODLEGLOSCI - BLITZ 3'+2'' "]
[Site "Szczyrk"]
[Date "2018-11-11"]
[Round "8.2"]
[White "Jaroch, Karol"]
[Black "Kowalczyk, Rafal "]
[Result "1-0"]
[WhiteTitle ""]
[BlackTitle ""]
[WhiteElo "2311"]
[BlackElo "2286"]

1. c4 e6 2. Nc3 d5 3. Nf3 Nf6 4. b3 d4 5. Nb5 c5 6. g3 a6 7. Na3 Nc6 8. Bg2 e5
9. d3 e4 10. dxe4 Nxe4 11. O-O Be7 12. Qc2 f5 13. Bf4 O-O 14. Rad1 Nb4 15. Qb2
Bf6 16. Be5 Qe7 17. Bxf6 Qxf6 18. Nb1 Bd7 19. a3 Nc6 20. Rfe1 Rad8 21. Nfd2 Nc3
22. Rc1 Nxb1 23. Qxb1 Rfe8 24. b4 b6 25. bxc5 bxc5 26. Qb6 Qg5 27. Nf3 Qe7 28.
Rcd1 Rb8 29. Qc7 Rb3 30. Nd2 Rxa3 31. Bxc6 1-0

[Event "SZCZYRK OPEN - TURNIEJ Z OKAZJI SWIETA NIEPODLEGLOSCI - BLITZ 3'+2'' "]
[Site "Szczyrk"]
[Date "2018-11-11"]
[Round "8.3"]
[White "Ulrych, Wojciech "]
[Black "Piotrowski, Przemyslaw "]
[Result "0-1"]
[WhiteTitle ""]
[BlackTitle ""]
[WhiteElo "1867"]
[BlackElo "2287"]

1. e4 c5 2. Nc3 Nc6 3. g3 g6 4. Bg2 Bg7 5. d3 e6 6. Nge2 Nge7 7. O-O d5 8. f4 O-O
9. g4 f5 10. gxf5 gxf5 11. e5 d4 12. Nb5 Nd5 13. Nd6 Qh4 14. Ng3 Kh8 15. Qh5 Qxh5
16. Nxh5 b6 17. Bd2 Bd7 18. Rf3 Be8 19. Nxg7 Kxg7 20. Rg3+ Bg6 21. h4 Kh6 22.
Kf2 Bh5 23. Rg5 Nce7 24. c4 dxc3 25. bxc3 Rad8 26. a4 Ng6 27. Kg3 Nde7 28. a5
Nc8 29. axb6 axb6 30. Nxc8 Rxd3+ 31. Kh2 Rxd2 32. Nd6 Nxf4 33. Rg1 Bf3 34. h5
Kxg5 0-1

[Event "SZCZYRK OPEN - TURNIEJ Z OKAZJI SWIETA NIEPODLEGLOSCI - BLITZ 3'+2'' "]
[Site "Szczyrk"]
[Date "2018-11-11"]
[Round "8.4"]
[White "Foltyn, Lukasz "]
[Black "Marszalek, Maciej"]
[Result "0-1"]
[WhiteTitle ""]
[BlackTitle ""]
[WhiteElo "1854"]
[BlackElo "2259"]

1. e4 c5 2. Bc4 e6 3. Qe2 Nc6 4. c3 a6 5. Bb3 b5 6. Nf3 c4 7. Bc2 Bb7 8. d4 cxd3
9. Bxd3 d6 10. a4 b4 11. O-O Qc7 12. Bf4 Nf6 13. Rc1 b3 14. Nbd2 Ne5 15. Bxe5
dxe5 16. Nxb3 Be7 17. Nbd2 O-O 18. h3 a5 19. Nf1 Nd7 20. Ne3 Nc5 21. Ng4 Nb3 22.
Ngxe5 Nxa1 23. Rxa1 Rab8 24. Bb5 Rfd8 25. Qe3 f6 26. Nc4 Bc5 27. Qe2 Qf4 28. Re1
Ra8 29. g3 Qxg3+ 30. Kh1 Qxh3+ 31. Kg1 Qg4+ 32. Kh2 f5 33. Nfe5 Qh4+ 34. Kg1 Bxe4
0-1

[Event "SZCZYRK OPEN - TURNIEJ Z OKAZJI SWIETA NIEPODLEGLOSCI - BLITZ 3'+2'' "]
[Site "Szczyrk"]
[Date "2018-11-11"]
[Round "8.5"]
[White "Faron, Rafal "]
[Black "Jagodzinski, Mariusz "]
[Result "1-0"]
[WhiteTitle ""]
[BlackTitle ""]
[WhiteElo "2207"]
[BlackElo "1797"]

1. c4 Nf6 2. g3 e6 3. Bg2 d5 4. Nf3 c5 5. cxd5 exd5 6. d4 Nc6 7. O-O Bg4 8. Ne5
Be6 9. Nxc6 bxc6 10. Nc3 cxd4 11. Qxd4 Be7 12. e4 dxe4 13. Qxd8+ Rxd8 14. Nxe4
Bd5 15. Nc3 Bb4 16. Nxd5 Nxd5 17. a3 Ba5 18. b4 Bb6 19. Bb2 O-O 20. Rac1 Rd6 21.
Rfd1 Rfd8 22. Be5 Re6 23. Bd4 Bxd4 24. Rxd4 f6 25. h4 Kf7 26. b5 1-0

[Event "SZCZYRK OPEN - TURNIEJ Z OKAZJI SWIETA NIEPODLEGLOSCI - BLITZ 3'+2'' "]
[Site "Szczyrk"]
[Date "2018-11-11"]
[Round "8.6"]
[White "Kaminski, Maciej "]
[Black "Goluch, Piotr"]
[Result "0-1"]
[WhiteTitle ""]
[BlackTitle ""]
[WhiteElo "1876"]
[BlackElo "2205"]

1. e4 c6 2. d4 d5 3. Nc3 dxe4 4. Nxe4 Bf5 5. Ng3 Bg6 6. h4 h6 7. Nf3 e6 8. Ne5
Bh7 9. Bd3 Bxd3 10. Qxd3 Nd7 11. Bf4 Ngf6 12. O-O-O Qa5 13. Kb1 Rd8 14. Nc4 Qb4
15. a3 Qa4 16. Bc7 Rc8 17. Nd6+ Bxd6 18. Bxd6 Nb6 19. f4 Rd8 20. Bc5 Nbd7 21.
Bd6 Nb8 22. Bc7 Rc8 23. Bd6 Kd7 24. Be5 Qb5 25. c4 Qa6 26. Bxf6 gxf6 27. f5 b5
28. fxe6+ fxe6 29. c5 f5 30. Rhe1 Rce8 31. Nh5 Rhf8 32. Qe3 b4 33. axb4 Qc4 34.
Qxh6 Na6 35. Ng7 Nxb4 36. Nxe6 Qa2+ 37. Kc1 Qa1+ 38. Kd2 Qxb2+ 39. Ke3 Rxe6+ 40.
Qxe6+ Kxe6 41. Kf4+ Kf6 42. Re5 Qf2# 0-1

[Event "SZCZYRK OPEN - TURNIEJ Z OKAZJI SWIETA NIEPODLEGLOSCI - BLITZ 3'+2'' "]
[Site "Szczyrk"]
[Date "2018-11-11"]
[Round "8.7"]
[White "Duda, Lukasz "]
[Black "Namyslak, Piotr"]
[Result "1-0"]
[WhiteTitle ""]
[BlackTitle ""]
[WhiteElo "2201"]
[BlackElo "1794"]

1. e4 e6 2. d4 d5 3. exd5 exd5 4. Bd3 Bd6 5. Nf3 Ne7 6. O-O O-O 7. h3 f5 8. c4
c6 9. Re1 Kh8 10. Bg5 dxc4 11. Bxc4 h6 12. Bxe7 Bxe7 13. Ne5 Kh7 14. Qh5 Rf6 15.
Nc3 Bd6 16. Nf7 Qf8 17. Ng5+ Kh8 18. Re8 Nd7 19. Rxf8+ Bxf8 20. Re1 Nb6 21. Bb3
Bd7 22. Nf7+ Kh7 23. Ne5 Be8 24. Qf3 Bb4 25. Bc2 g6 26. a3 Bxc3 27. bxc3 Nd5 28.
c4 Nc7 29. Nd3 Ne6 30. Nf4 Nxd4 31. Re7+ Bf7 32. Qc3 Rd8 33. Kh2 Kg7 34. Rxb7
Rfd6 35. Rxa7 Kg8 36. a4 Nxc2 37. Qxc2 Rd2 38. Qc3 Rxf2 39. Qf6 Rf8 40. Nxg6 1-0

[Event "SZCZYRK OPEN - TURNIEJ Z OKAZJI SWIETA NIEPODLEGLOSCI - BLITZ 3'+2'' "]
[Site "Szczyrk"]
[Date "2018-11-11"]
[Round "8.8"]
[White "Seredyn, Dominik "]
[Black "Sroka, Janusz"]
[Result "0-1"]
[WhiteTitle ""]
[BlackTitle ""]
[WhiteElo "1528"]
[BlackElo "2133"]

1. e4 d6 2. d4 Nf6 3. Nc3 Nbd7 4. Nf3 e5 5. Bc4 Be7 6. O-O c6 7. h3 h6 8. a4 Qc7
9. Be3 a5 10. Qd2 Nf8 11. b3 Ng6 12. d5 c5 13. Nb5 Qd8 14. Bd3 b6 15. Ne1 Nh5
16. f3 O-O 17. c4 Ngf4 18. Kh2 Bh4 19. Nc2 Bd7 20. Bf2 Bxf2 21. Rxf2 Bxb5 22.
axb5 Qh4 23. Rg1 Qg3+ 24. Kh1 Nxd3 0-1